[Event "Berlin-ch Seniors op 36th"]
[Site "Berlin"]
[Date "2020.02.01"]
[Round "5.59"]
[White "Schulz, Peter1111"]
[Black "Ollek, Karl Heinz"]
[Result "0-1"]
[WhiteElo "1438"]
[BlackElo "1642"]
[PlyCount "120"]
[EventDate "2020.01.28"]
[EventType "swiss"]
[EventRounds "9"]
[EventCountry "GER"]
[SourceTitle "EXT 2024"]
[Source "ChessBase"]
[SourceDate "2023.10.10"]
[SourceVersion "1"]
[SourceVersionDate "2023.10.10"]
[SourceQuality "1"]

1. d4 Nf6 2. Nf3 g6 3. e3 Bg7 4. c4 d5 5. Nc3 0-0 6. b3 Bg4 7. Be2 c5 8. h3 Bf5 9. Bb2 dxc4 10. Bxc4 Nc6 11. d5 Nb4 12. Rc1 Ne4 13. a3 Na2 14. Nxa2 Bxb2 15. Rc2 Qa5+ 16. b4 Qxa3 17. 0-0 Nd6 18. bxc5 Nxc4 19. Rxc4 Qd3 20. Rb4 Ba3 21. Rxb7 Bxc5 22. Nc1 Qa6 23. Qb3 Bd6 24. Nd4 Rab8 25. Qb5 Qa3 26. Nc6 Rxb7 27. Qxb7 a5 28. Nb3 a4 29. Nbd4 Be4 30. Nb5 Qc5 31. Nxd6 Qxd6 32. Nxe7+ Kg7 33. f3 Rb8 34. Qa7 Bc2 35. Qd4+ Qf6 36. Nc6 Qxd4 37. Nxd4 Bb1 38. d6 a3 39. d7 a2 40. Nb3 Rxb3 41. d8Q a1Q 42. e4 Qc3 43. Rd1 Qe3+ 44. Kh2 Rd3 45. Rxd3 Bxd3 46. Qa5 Qf4+ 47. Kg1 Qe3+ 48. Kh2 Qd4 49. h4 h5 50. Kg3 Qd7 51. Qc3+ f6 52. Qc5 Qe8 53. Qc7+ Qf7 54. Qd6 Bc2 55. Qc5 Bb3 56. Kf4 Qd7 57. Ke3 Qd1 58. Kf4 Qd2+ 59. Kg3 Bf7 60. e5 Qe1+ 0-1

[Event "Berlin Lichtenberger op 18th"]
[Site "Berlin"]
[Date "2019.08.22"]
[Round "6"]
[White "Nareyek, Matthias"]
[Black "Ollek, Karl Heinz"]
[Result "0-1"]
[WhiteElo "1448"]
[BlackElo "1671"]
[PlyCount "90"]
[EventDate "2019.08.17"]
[EventType "swiss"]
[EventRounds "9"]
[EventCountry "GER"]
[SourceTitle "EXT 2020"]
[Source "ChessBase"]
[SourceDate "2019.10.17"]
[SourceVersion "1"]
[SourceVersionDate "2019.10.17"]
[SourceQuality "1"]

1. Nf3 Nf6 2. g3 d5 3. Bg2 Nc6 4. 0-0 e5 5. d3 Be7 6. Nbd2 0-0 7. e4 Be6 8. c3 h6 9. b4 dxe4 10. Nxe4 a6 11. Nh4 Nxe4 12. Bxe4 Bxh4 13. gxh4 Qxh4 14. Kh1 f5 15. Bg2 Rad8 16. Qe2 f4 17. Rg1 Qf6 18. Bf3 Kh8 19. Bb2 Bf5 20. Rad1 Rd7 21. c4 Nd4 22. Bxd4 Rxd4 23. Bxb7 Rfd8 24. Be4 Bxe4+ 25. dxe4 f3 26. Qc2 Rxd1 27. Rxd1 Rxd1+ 28. Qxd1 Qf4 29. Qg1 Qxe4 30. h3 Qxc4 31. Kh2 Qxb4 32. Qg4 Qxg4 33. hxg4 g5 34. Kg1 Kg7 35. Kf1 Kf6 36. Ke1 e4 37. Kd2 Ke5 38. Ke3 c5 39. a4 a5 40. Kd2 Kd4 41. Ke1 Kd3 42. Kd1 c4 43. Ke1 Kc2 44. Kf1 Kd1 45. Kg1 Ke2 0-1

[Event "GER-ch Seniors 65 31st"]
[Site "Radebeul"]
[Date "2019.05.04"]
[Round "9"]
[White "Ollek, Karl Heinz"]
[Black "Huelle, Gunter"]
[Result "1/2-1/2"]
[WhiteElo "1626"]
[BlackElo "1736"]
[PlyCount "49"]
[EventDate "2019.04.26"]
[EventType "swiss"]
[EventRounds "9"]
[EventCountry "GER"]
[SourceTitle "CBM 190 Extra"]
[Source "ChessBase"]
[SourceDate "2019.07.15"]
[SourceVersion "1"]
[SourceVersionDate "2019.07.15"]
[SourceQuality "1"]

1. c4 Nf6 2. Nc3 g6 3. Nf3 d6 4. g3 e5 5. d3 c6 6. Bg2 Bg7 7. 0-0 0-0 8. Bg5 h6 9. Bxf6 Bxf6 10. Nd2 Bg7 11. Rc1 Be6 12. b4 d5 13. cxd5 cxd5 14. Nb3 b6 15. Nb5 Na6 16. a3 Qd7 17. Nc3 Rac8 18. e4 d4 19. Nd5 Rxc1 20. Nxc1 Bxd5 21. exd5 Nc7 22. Qb3 Rd8 23. f4 Nxd5 24. fxe5 Bxe5 25. Rf2 1/2-1/2

[Event "GER-ch Seniors 65 31st"]
[Site "Radebeul"]
[Date "2019.05.03"]
[Round "8"]
[White "Fleischer, Martin"]
[Black "Ollek, Karl Heinz"]
[Result "1-0"]
[WhiteElo "1881"]
[BlackElo "1626"]
[PlyCount "122"]
[EventDate "2019.04.26"]
[EventType "swiss"]
[EventRounds "9"]
[EventCountry "GER"]
[SourceTitle "CBM 190 Extra"]
[Source "ChessBase"]
[SourceDate "2019.07.15"]
[SourceVersion "1"]
[SourceVersionDate "2019.07.15"]
[SourceQuality "1"]

1. e4 c5 2. c3 d5 3. exd5 Qxd5 4. Nf3 e5 5. c4 Qe4+ 6. Be2 Bd6 7. Nc3 Qc6 8. d3 Ne7 9. 0-0 0-0 10. Nh4 Be6 11. Bf3 Qd7 12. g3 Nbc6 13. a3 Bh3 14. Re1 Nd4 15. Bh1 Kh8 16. Be3 Rad8 17. Bxd4 cxd4 18. Ne4 h6 19. b4 Bb8 20. Nc5 Qc7 21. Nxb7 Rc8 22. Nc5 g5 23. Ng2 Qd6 24. Qe2 Kh7 25. Rf1 f5 26. f3 f4 27. Ne4 Qg6 28. Nf2 Bxg2 29. Bxg2 fxg3 30. hxg3 Nf5 31. Ne4 Ne3 32. g4 Qf7 33. Bh1 Qf4 34. Qh2 Qxh2+ 35. Kxh2 Rf4 36. c5 Rcf8 37. c6 Bc7 38. Kg3 Kg6 39. a4 h5 40. gxh5+ Kxh5 41. Ra2 Nf5+ 42. Kf2 g4 43. Ng3+ Kh4 44. Nxf5+ R8xf5 45. Rg1 gxf3 46. Rg7 Rf7 47. Rxf7 Rxf7 48. Bxf3 Kg5 49. Rc2 e4 50. dxe4 Kf4 51. Rc5 Bb6 52. Rd5 d3+ 53. Ke1 Ke3 54. Bg2 Rg7 55. Bf1 Kxe4 56. Rxd3 Rh7 57. Rd7 Rxd7 58. cxd7 a5 59. bxa5 Bxa5+ 60. Kd1 Kd4 61. Ke2 Bd8 1-0

[Event "MVP-ch Seniors op 18th"]
[Site "Ostseebad Binz"]
[Date "2018.12.02"]
[Round "5"]
[White "Ollek, Karl Heinz"]
[Black "Bierwald, Martin"]
[Result "1/2-1/2"]
[WhiteElo "1663"]
[BlackElo "1579"]
[PlyCount "45"]
[EventDate "2018.11.28"]
[EventType "swiss"]
[EventRounds "9"]
[EventCountry "GER"]
[SourceTitle "CBM 188 Extra"]
[Source "ChessBase"]
[SourceDate "2019.02.26"]
[SourceVersion "1"]
[SourceVersionDate "2019.02.26"]
[SourceQuality "1"]

1. c4 e5 2. Nc3 Nc6 3. g3 Bc5 4. e3 a6 5. Bg2 d6 6. Nge2 Nf6 7. 0-0 0-0 8. d4 exd4 9. exd4 Ba7 10. h3 Re8 11. Kh2 Rb8 12. Bg5 h6 13. Bxf6 Qxf6 14. Nd5 Qd8 15. Rc1 Be6 16. Ndf4 Ne7 17. d5 Bf5 18. g4 Bh7 19. b3 Ng6 20. Nxg6 Bxg6 21. Ng3 Qf6 22. Qf3 Qxf3 23. Bxf3 1/2-1/2

[Event "MVP-ch Seniors op 18th"]
[Site "Ostseebad Binz"]
[Date "2018.11.29"]
[Round "2"]
[White "Noelter, Gerd"]
[Black "Ollek, Karl Heinz"]
[Result "1/2-1/2"]
[WhiteElo "1862"]
[BlackElo "1663"]
[PlyCount "55"]
[EventDate "2018.11.28"]
[EventType "swiss"]
[EventRounds "9"]
[EventCountry "GER"]
[SourceTitle "CBM 188 Extra"]
[Source "ChessBase"]
[SourceDate "2019.02.26"]
[SourceVersion "1"]
[SourceVersionDate "2019.02.26"]
[SourceQuality "1"]

1. d4 Nf6 2. Nf3 d5 3. e3 e6 4. Bd3 Bd6 5. c3 0-0 6. Qc2 Nbd7 7. Nbd2 c5 8. 0-0 c4 9. Be2 Re8 10. Re1 Qc7 11. g3 b5 12. a3 e5 13. dxe5 Bxe5 14. Nd4 Bxd4 15. cxd4 Nb6 16. Bf3 Bg4 17. Bg2 Rac8 18. Nb1 a5 19. Nc3 b4 20. Nb1 Qd7 21. f3 Bh5 22. Bd2 Bg6 23. Qd1 c3 24. bxc3 Bxb1 25. Qxb1 bxc3 26. Bxc3 Rxc3 27. Qxb6 Qa4 28. Bf1 1/2-1/2

[Event "Berlin Lichtenberger op 17th"]
[Site "Berlin"]
[Date "2018.08.25"]
[Round "8"]
[White "Eisheh, Jens Tarek"]
[Black "Ollek, Karl Heinz"]
[Result "1-0"]
[WhiteElo "1947"]
[BlackElo "1681"]
[PlyCount "123"]
[EventDate "2018.08.18"]
[EventType "swiss"]
[EventRounds "9"]
[EventCountry "GER"]
[SourceTitle "CBM 186 Extra"]
[Source "ChessBase"]
[SourceDate "2018.08.24"]
[SourceVersion "1"]
[SourceVersionDate "2018.08.24"]
[SourceQuality "1"]

1. e4 e5 2. Nf3 Nc6 3. Bc4 Bc5 4. c3 Na5 5. Be2 Nc6 6. 0-0 d6 7. d4 exd4 8. cxd4 Bb6 9. Nc3 Bg4 10. Be3 Nf6 11. Nd2 Bxe2 12. Nxe2 Qd7 13. f3 0-0 14. Nc4 h6 15. a3 a5 16. Nxb6 cxb6 17. Qb3 b5 18. Qxb5 Rfc8 19. Qd3 Rab8 20. Qb5 Ne7 21. Qd3 b5 22. Rac1 Qb7 23. Bf4 Ne8 24. b4 axb4 25. axb4 g5 26. Bg3 Qd7 27. f4 Rxc1 28. Rxc1 f5 29. h4 fxe4 30. Qxe4 Nf6 31. Qd3 g4 32. Nc3 Rc8 33. Ra1 Qf5 34. Qe3 Ned5 35. Nxd5 Nxd5 36. Qd2 Qc2 37. Qe1 Qf5 38. Ra5 Qf6 39. Qe4 Nc3 40. Qd3 Qe6 41. Ra7 Qe4 42. Qxe4 Nxe4 43. Kh2 Rc4 44. f5 Nxg3 45. Kxg3 Rxd4 46. Rd7 h5 47. f6 Rxb4 48. Rxd6 Kf7 49. Rd5 Kxf6 50. Rxh5 Rb3+ 51. Kxg4 b4 52. Rb5 Rb2 53. g3 b3 54. h5 Rb1 55. Rb6+ Kg7 56. Kg5 b2 57. Rb7+ Kf8 58. g4 Ke8 59. h6 Kd8 60. h7 Rh1 61. Kg6 Rh4 62. g5 1-0

[Event "Berlin Lichtenberger op 17th"]
[Site "Berlin"]
[Date "2018.08.21"]
[Round "4"]
[White "Ollek, Karl Heinz"]
[Black "Schubert, Vincent"]
[Result "1/2-1/2"]
[WhiteElo "1681"]
[BlackElo "1296"]
[PlyCount "78"]
[EventDate "2018.08.18"]
[EventType "swiss"]
[EventRounds "9"]
[EventCountry "GER"]
[SourceTitle "CBM 186 Extra"]
[Source "ChessBase"]
[SourceDate "2018.08.24"]
[SourceVersion "1"]
[SourceVersionDate "2018.08.24"]
[SourceQuality "1"]

1. c4 c5 2. Nc3 Nc6 3. Nf3 e6 4. g3 b6 5. Bg2 Bb7 6. 0-0 Nb4 7. a3 Na6 8. d3 Nf6 9. e4 d6 10. Nd2 Rb8 11. f4 Be7 12. Nf3 0-0 13. Rb1 Re8 14. b4 cxb4 15. axb4 Nc7 16. Re1 d5 17. e5 Nd7 18. Be3 Bf8 19. Nd4 a6 20. Qb3 dxc4 21. dxc4 Bxg2 22. Kxg2 Qc8 23. Qd1 Be7 24. Nc6 Rb7 25. Nxe7+ Rxe7 26. Ne4 Ne8 27. c5 bxc5 28. Bxc5 Nxc5 29. Nxc5 Ra7 30. Qf3 Qa8 31. Qxa8 Rxa8 32. Ra1 Rea7 33. Re2 Nc7 34. Rea2 g6 35. Kf3 Rb8 36. Nd3 Nd5 37. Rxa6 Rxa6 38. Rxa6 Nxb4 39. Nxb4 Rxb4 1/2-1/2

[Event "Berlin Lichtenberger op 17th"]
[Site "Berlin"]
[Date "2018.08.20"]
[Round "3"]
[White "Paris, Gerhard"]
[Black "Ollek, Karl Heinz"]
[Result "1/2-1/2"]
[WhiteElo "1455"]
[BlackElo "1681"]
[PlyCount "59"]
[EventDate "2018.08.18"]
[EventType "swiss"]
[EventRounds "9"]
[EventCountry "GER"]
[SourceTitle "CBM 186 Extra"]
[Source "ChessBase"]
[SourceDate "2018.08.24"]
[SourceVersion "1"]
[SourceVersionDate "2018.08.24"]
[SourceQuality "1"]

1. e4 g6 2. d4 Bg7 3. Nc3 d6 4. Bc4 Nf6 5. Nf3 0-0 6. 0-0 Nc6 7. a3 a6 8. Be3 h6 9. h3 b5 10. Ba2 e6 11. Qd2 Kh7 12. Rad1 d5 13. e5 Ne4 14. Nxe4 dxe4 15. Nh2 Bb7 16. Rfe1 Ne7 17. Ng4 Nf5 18. Bf4 g5 19. Bh2 h5 20. Ne3 Bh6 21. Nxf5 exf5 22. Qe2 g4 23. g3 Qe7 24. h4 Rad8 25. c3 f4 26. Bb1 Kh8 27. Bxe4 f3 28. Qc2 Bc8 29. Bf5 Bb7 30. Be4 1/2-1/2

[Event "Berlin Lichtenberger op 17th"]
[Site "Berlin"]
[Date "2018.08.19"]
[Round "2"]
[White "Ollek, Karl Heinz"]
[Black "Plaza Reino, Mercedes"]
[Result "0-1"]
[WhiteElo "1681"]
[BlackElo "1701"]
[PlyCount "110"]
[EventDate "2018.08.18"]
[EventType "swiss"]
[EventRounds "9"]
[EventCountry "GER"]
[SourceTitle "CBM 186 Extra"]
[Source "ChessBase"]
[SourceDate "2018.08.24"]
[SourceVersion "1"]
[SourceVersionDate "2018.08.24"]
[SourceQuality "1"]

1. c4 e5 2. Nc3 Nf6 3. g3 d5 4. cxd5 Nxd5 5. Bg2 Nb6 6. a4 a5 7. Nf3 Nc6 8. 0-0 Be7 9. d3 Be6 10. Nb5 0-0 11. b3 f6 12. Bb2 Nd5 13. Nd2 Qd7 14. Nc4 Rac8 15. d4 exd4 16. Nxd4 Nxd4 17. Bxd4 b6 18. e4 Nb4 19. Bc3 Rcd8 20. Qxd7 Rxd7 21. Rfd1 Rfd8 22. Rxd7 Rxd7 23. Bf1 Nc2 24. Rc1 Nd4 25. Nd2 Nxb3 26. Nxb3 Bxb3 27. Bb5 Rd1+ 28. Rxd1 Bxd1 29. f4 Bb3 30. Kf2 Kf7 31. h4 Ke6 32. f5+ Kd6 33. Be8 c6 34. Bb2 Kc7 35. e5 Bxa4 36. g4 Bc2 37. Ke2 a4 38. Kd2 Be4 39. Bf7 b5 40. Ba2 b4 41. Ke3 Bc2 42. Be6 a3 43. exf6 gxf6 44. Kd2 Be4 45. Ba1 Bf3 46. g5 fxg5 47. f6 Bd6 48. f7 Bf8 49. Be5+ Kb6 50. Bd4+ c5 51. Ba1 Kc6 52. Bb3 Kb5 53. Be6 c4 54. Bd7+ Kc5 55. Ba4 b3 0-1

[Event "Berlin-ch Seniors op 34th"]
[Site "Berlin"]
[Date "2018.02.06"]
[Round "7"]
[White "Ollek, Karl Heinz"]
[Black "Theilig, Reinhard"]
[Result "1-0"]
[WhiteElo "1748"]
[BlackElo "1602"]
[PlyCount "79"]
[EventDate "2018.01.30"]
[EventType "swiss"]
[EventRounds "9"]
[EventCountry "GER"]
[SourceTitle "EXT 2020"]
[Source "ChessBase"]
[SourceDate "2019.10.17"]
[SourceVersion "1"]
[SourceVersionDate "2019.10.17"]
[SourceQuality "1"]

1. Nf3 d6 2. d4 Nf6 3. g3 g6 4. Bg2 Bg7 5. 0-0 0-0 6. Nc3 Na6 7. e4 c5 8. e5 dxe5 9. dxe5 Ng4 10. Bf4 Bf5 11. h3 Nh6 12. Nd5 Nb4 13. Nxb4 cxb4 14. Qc1 Rc8 15. Ne1 Bxc2 16. Nxc2 Nf5 17. Qb1 Qb6 18. Be4 Nd4 19. Nxd4 Qxd4 20. Rd1 Qc5 21. Qc1 Bxe5 22. Qxc5 Rxc5 23. Be3 Rb5 24. Bd4 Bb8 25. Rac1 b6 26. Be3 Kg7 27. Rd7 e6 28. Rcd1 Ra5 29. Bb1 Be5 30. Bd4 Bxd4 31. R7xd4 Rd5 32. Rxd5 exd5 33. Rxd5 Rc8 34. Bd3 Rc1+ 35. Kg2 Rd1 36. Bc4 Rc1 37. Bb3 Rb1 38. Rd7 Rxb2 39. Rxf7+ Kh6 40. Rxa7 1-0

[Event "Berlin-ch Seniors op 34th"]
[Site "Berlin"]
[Date "2018.01.31"]
[Round "2"]
[White "Roloff, Karsten"]
[Black "Ollek, Karl Heinz"]
[Result "0-1"]
[WhiteElo "1566"]
[BlackElo "1748"]
[PlyCount "52"]
[EventDate "2018.01.30"]
[EventType "swiss"]
[EventRounds "9"]
[EventCountry "GER"]
[SourceTitle "EXT 2020"]
[Source "ChessBase"]
[SourceDate "2019.10.17"]
[SourceVersion "1"]
[SourceVersionDate "2019.10.17"]
[SourceQuality "1"]

1. d4 Nf6 2. Bg5 e6 3. Nf3 Be7 4. Nbd2 d5 5. e3 Nbd7 6. Bd3 0-0 7. Ne5 c5 8. c3 a6 9. a4 Nxe5 10. dxe5 Nd7 11. Bf4 c4 12. Bc2 Nc5 13. Qg4 f5 14. exf6 Bxf6 15. Qh5 Nd3+ 16. Bxd3 cxd3 17. 0-0 g6 18. Qd1 e5 19. Bg3 e4 20. f3 Bf5 21. fxe4 dxe4 22. Qb3+ Rf7 23. Nxe4 Bxe4 24. Be5 Bd5 25. Bxf6 Bxb3 26. Bxd8 Rxf1+ 0-1

[Event "Miedzyzdroje OB Seniors 24th"]
[Site "Miedzyzdroje"]
[Date "2016.06.23"]
[Round "7"]
[White "Nauschuetz, Ernst"]
[Black "Ollek, Karl Heinz"]
[Result "1-0"]
[WhiteElo "1985"]
[BlackElo "1697"]
[PlyCount "51"]
[EventDate "2016.06.17"]
[EventType "swiss"]
[EventRounds "9"]
[EventCountry "POL"]
[SourceTitle "EXT 2019"]
[Source "ChessBase"]
[SourceDate "2018.10.10"]
[SourceVersion "1"]
[SourceVersionDate "2018.10.10"]
[SourceQuality "1"]

1. c4 e5 2. g3 Nc6 3. Nc3 d6 4. Nf3 g6 5. d4 exd4 6. Nxd4 Bg7 7. Be3 Nge7 8. Bg2 0-0 9. 0-0 Rb8 10. Qd2 Ne5 11. b3 Ng4 12. Bf4 Bd7 13. h3 Ne5 14. Bg5 N5c6 15. Nxc6 bxc6 16. Rad1 f6 17. Be3 a6 18. f4 Kh8 19. Bf2 Ng8 20. e4 Be6 21. g4 f5 22. exf5 gxf5 23. g5 Ne7 24. h4 Qe8 25. h5 Qf7 26. h6 1-0

[Event "DESC SMT11 email"]
[Site "DESC email"]
[Date "2016.06.21"]
[Round "?"]
[White "Diener, Reinhard"]
[Black "Ollek, Karl Heinz"]
[Result "1-0"]
[WhiteElo "2144"]
[BlackElo "2121"]
[PlyCount "87"]
[EventDate "2016.06.21"]
[EventType "team-tourn (corr)"]
[EventRounds "7"]
[EventCountry "GER"]
[SourceTitle "Corr 2022"]
[Source "ChessBase"]
[SourceDate "2021.10.24"]
[SourceVersion "1"]
[SourceVersionDate "2021.10.24"]
[SourceQuality "1"]

1. d4 Nf6 2. Nf3 d6 3. Nc3 Nbd7 4. e4 e5 5. Bc4 Be7 6. 0-0 0-0 7. Re1 c6 8. a4 a5 9. h3 exd4 10. Qxd4 Nc5 11. Bf4 Ne6 12. Bxe6 Bxe6 13. Rad1 d5 14. Qe3 Re8 15. exd5 Nxd5 16. Nxd5 cxd5 17. Nd4 Bf6 18. b3 Bd7 19. Qd3 g6 20. Rxe8+ Qxe8 21. Qd2 Qe7 22. Re1 Qc5 23. Be5 Bxe5 24. Rxe5 f6 25. Re2 Re8 26. Rxe8+ Bxe8 27. Ne6 Qd6 28. Nf4 d4 29. Ne2 d3 30. Nc1 g5 31. Qxd3 Qb4 32. Kf1 Qa3 33. Qd5+ Bf7 34. Qd2 Bg6 35. Qd8+ Kg7 36. Nd3 h5 37. Ke2 Bxd3+ 38. Kxd3 Qa1 39. Qe7+ Kh6 40. f3 Qf1+ 41. Kd4 Qa6 42. Qf8+ Kg6 43. Qe8+ Kg7 44. Kd5 1-0

[Event "DESC SMT11 email"]
[Site "DESC email"]
[Date "2016.06.21"]
[Round "?"]
[White "Ebisch, Joachim"]
[Black "Ollek, Karl Heinz"]
[Result "1/2-1/2"]
[WhiteElo "2115"]
[BlackElo "2121"]
[PlyCount "44"]
[EventDate "2016.06.21"]
[EventType "team-tourn (corr)"]
[EventRounds "7"]
[EventCountry "GER"]
[SourceTitle "Corr 2022"]
[Source "ChessBase"]
[SourceDate "2021.10.24"]
[SourceVersion "1"]
[SourceVersionDate "2021.10.24"]
[SourceQuality "1"]

1. e4 d5 2. exd5 Nf6 3. Nf3 Nxd5 4. d4 Bg4 5. Be2 e6 6. 0-0 Nc6 7. c4 Nb6 8. Nc3 Be7 9. d5 exd5 10. cxd5 Bxf3 11. Bxf3 Ne5 12. d6 Nxf3+ 13. Qxf3 Qxd6 14. Re1 0-0-0 15. a4 Rhe8 16. a5 Nd5 17. a6 Qc6 18. axb7+ Kxb7 19. Be3 a6 20. Nxd5 Qxd5 21. Qe2 Qd3 22. Qf3+ Qd5 1/2-1/2

[Event "Miedzyzdroje OB Seniors 24th"]
[Site "Miedzyzdroje"]
[Date "2016.06.21"]
[Round "5"]
[White "Hoppensack, Manfred"]
[Black "Ollek, Karl Heinz"]
[Result "0-1"]
[WhiteElo "1945"]
[BlackElo "1697"]
[PlyCount "64"]
[EventDate "2016.06.17"]
[EventType "swiss"]
[EventRounds "9"]
[EventCountry "POL"]
[SourceTitle "EXT 2019"]
[Source "ChessBase"]
[SourceDate "2018.10.10"]
[SourceVersion "1"]
[SourceVersionDate "2018.10.10"]
[SourceQuality "1"]

1. e4 d5 2. exd5 Nf6 3. Bb5+ Bd7 4. Bc4 Bg4 5. Bb5+ Bd7 6. Bxd7+ Nbxd7 7. c4 Nb6 8. b3 g6 9. Bb2 Bg7 10. Qf3 0-0 11. Ne2 e6 12. dxe6 fxe6 13. Qh3 Qd7 14. f3 Qf7 15. Bc3 Nbd7 16. 0-0 e5 17. d4 exd4 18. Bxd4 c5 19. Bc3 Rae8 20. Nf4 g5 21. Nd3 Nh5 22. Bxg7 Nxg7 23. Nd2 Ne6 24. Ne4 Qg7 25. Qg3 Qd4+ 26. Ndf2 h6 27. Rad1 Nf4 28. Kh1 Qg7 29. Nh3 Nxh3 30. Qxh3 Re7 31. Rd6 Rfe8 32. Re6 Rxe6 0-1

[Event "DESC SMT11 email"]
[Site "DESC email"]
[Date "2016.06.21"]
[Round "?"]
[White "Ollek, Karl Heinz"]
[Black "Wittal, Werner"]
[Result "0-1"]
[WhiteElo "2121"]
[BlackElo "2134"]
[PlyCount "68"]
[EventDate "2016.06.21"]
[EventType "team-tourn (corr)"]
[EventRounds "7"]
[EventCountry "GER"]
[SourceTitle "Corr 2022"]
[Source "ChessBase"]
[SourceDate "2021.10.24"]
[SourceVersion "1"]
[SourceVersionDate "2021.10.24"]
[SourceQuality "1"]

1. Nf3 d5 2. d4 Nf6 3. c4 c6 4. e3 e6 5. Nc3 Nbd7 6. Bd3 dxc4 7. Bxc4 b5 8. Bd3 a6 9. e4 c5 10. d5 Bb7 11. 0-0 Qc7 12. Bc2 Bd6 13. Ng5 Nf8 14. f4 0-0-0 15. Qe1 e5 16. f5 c4 17. Kh1 h6 18. Nf3 N8d7 19. Bd2 Kb8 20. Nd1 Qc6 21. Ba5 Nxe4 22. a4 Rde8 23. axb5 Ng5 24. Ne3 c3 25. Bxc3 Bc5 26. Bd1 Ne4 27. Ng4 Bd6 28. Nh4 h5 29. Nf2 Nxf2+ 30. Rxf2 Rc8 31. Ng6 Rhe8 32. Re2 e4 33. Ne5 Nxe5 34. Bxe5 Bxe5 0-1

[Event "Berlin-ch Seniors op 32nd"]
[Site "Berlin"]
[Date "2016.02.04"]
[Round "9"]
[White "Ollek, Karl Heinz"]
[Black "Metzger, Eberhard"]
[Result "0-1"]
[WhiteElo "1700"]
[BlackElo "1834"]
[PlyCount "62"]
[EventDate "2016.01.26"]
[EventType "swiss"]
[EventRounds "9"]
[EventCountry "GER"]
[SourceTitle "EXT 2019"]
[Source "ChessBase"]
[SourceDate "2018.10.10"]
[SourceVersion "1"]
[SourceVersionDate "2018.10.10"]
[SourceQuality "1"]

1. Nf3 d6 2. d4 g6 3. c4 Bg7 4. Nc3 Nd7 5. e4 e6 6. Be2 Ne7 7. 0-0 h6 8. Qc2 a6 9. Be3 0-0 10. Rac1 b6 11. b4 Bb7 12. Nd2 Nc6 13. Nb3 Nxb4 14. Qd2 Kh7 15. f4 f5 16. a3 Nc6 17. e5 dxe5 18. fxe5 Ne7 19. Bf3 Bxf3 20. Rxf3 g5 21. Qc2 Ng6 22. h3 Qe7 23. a4 h5 24. Rcf1 Bh6 25. Qc1 f4 26. Bd2 g4 27. hxg4 hxg4 28. Bxf4 gxf3 29. Bxh6 Rf5 30. g4 Qh4 31. Ne4 Qxg4+ 0-1